LEADER 01018nam a2200229 i 4500 001 000000066305 003 CaOOAMICUS 005 20100629000000.0 008 100629s1998 it u000 u ita u 013 $a37477 040 $aSeMil$bita 100 1 $aParrocchia B.V. del Rosario .$0(OLS)http://semarc/name/33286 245 10$aProgetto pastorale parrocchiale :$bdella comunità cristiana. 260 $a[Castiglione Olona] :$b[s.n.],$c[1998?] 300 $a94 p. ;$c21 cm. 500 $aSul verso del front. : Supplemento al n. 10./3 dell'Informatore Parrocchiale di Castiglione Olona. 650 4$aParrocchia - Pastorale.$0(OLS)http://semarc/subject/6205 850 $aSeMil 852 $aSeMil$W1$xVenegono$y1$m2F V 220$j32458$B32458$CSeMilBibl$Z2$F32461 $81 961 $aOmaggio: Ampollini Maurizio 996 $6245$aProgetto pastorale parrocchiale :$bdella comunità cristiana$9(OLS)http://semarc/title/105433 996 $6260$a[Castiglione Olona] :$b[s.n.]$9(OLS)http://semarc/publisher/42663 LEADER 00835nam a2200193 i 4500 001 000000210237 003 CaOOAMICUS 005 20120118000000.0 008 120118s1800 fr u000 u fre u 013 $a189046 026 $aons. ntr, u;en qun' (7) 1800 (A) 040 $aSeMil$bita 100 1 $aVoltaire,$d<1694-1778>.$0(OLS)http://semarc/name/2707 245 10$aTome 2. 300 $a306 p. 773 0 $aVoltaire <1694-1778>$tRomans de Voltaire. Tome premier [-troisième].$bÉdition stéréotype, d'après le procédé de Firmin Didot.$dà Paris : de l'imprimerie et de la fonderie stéréotypes de Pierre Didot l'aîné, et de Firmin Didot, An VIII (1800)$g2$w()26134 850 $aSeMil 852 $aSeMil$W1$xVenegono$y1$m1V II 56 FA$j160687$B160687$CSeMilBibl$Z2$F171648 $8I 996 $6245$aTome 2$9(OLS)http://semarc/title/1533